000 00161nam a2200073Ia 4500
008 170620s9999 xx 000 0 und d
100 _aM h siddiqui
245 0 _aEDU PSYCHOLOGY PB
260 _bNA
999 _c26096
_d26096